000 00672nam a2200229Ia 4500
003 OSt
005 20230316163756.0
008 210423s2008 xx 000 0 und d
020 _a9780761936428
040 _cAL
041 _aeng
082 _a361.20715
_223
_bFOSE
100 _aFOSSARD (Esta De)
_943191
245 _aUsing edu tainment for distance education in community work
260 _aNew Delhi
_bSage Publications
_c2008
300 _a308
_bPB
365 _b475
_cINR
650 _aSocial Problems
_943192
650 _aSocial Problems & Services
_943193
906 _acommunity ; distance ; edu ; education ; tainment ; Using ; work
942 _2ddc
_cBK
999 _c155560
_d155560